[Event "ESP-ch U18"]
[Site "Salobrena"]
[Date "2023.08.01"]
[Round "3"]
[White "Montesinos Diaz, Luis"]
[Black "Camacho Marin, Francisco Javier"]
[Result "1-0"]
[WhiteElo "2090"]
[BlackElo "1865"]
[PlyCount "185"]
[EventDate "2023.07.31"]
[EventType "swiss"]
[EventRounds "9"]
[EventCountry "ESP"]
[SourceTitle "CBM 215 Extra"]
[Source "ChessBase"]
[SourceDate "2023.09.30"]
[SourceVersion "1"]
[SourceVersionDate "2023.09.30"]
[SourceQuality "1"]

1. e4 d6 2. d4 Nf6 3. Bd3 e5 4. c3 Nbd7 5. Nf3 Be7 6. 0-0 0-0 7. Re1 c6 8. Nbd2 Qc7 9. Nf1 Re8 10. Ng3 g6 11. Bc2 b5 12. a4 Nb6 13. axb5 cxb5 14. h3 Bb7 15. d5 Nfd7 16. h4 Nc5 17. h5 Bc8 18. Ng5 Qd8 19. Nf3 Bg4 20. b4 Ncd7 21. Qd3 Bxf3 22. Qxf3 Bg5 23. Bd3 a6 24. Ra3 Bxc1 25. Rxc1 Qg5 26. Rca1 Rec8 27. Bf1 Qd2 28. R1a2 Qe1 29. Qd3 Qc1 30. Ne2 Qg5 31. hxg6 hxg6 32. Rxa6 Rxa6 33. Rxa6 Nc4 34. g3 Kg7 35. Bg2 Rh8 36. f4 exf4 37. gxf4 Qh4 38. Qg3 Qxg3 39. Nxg3 Re8 40. Kf2 Ndb6 41. Bf1 Rc8 42. Bxc4 Nxc4 43. Ke2 Rh8 44. Kf3 Rh2 45. Rc6 Rc2 46. Ne2 Nd2+ 47. Ke3 Nc4+ 48. Kf2 f5 49. exf5 gxf5 50. Ke1 Kf6 51. Rc8 Ke7 52. Rb8 Na3 53. Kd1 Rb2 54. Nd4 Rb1+ 55. Ke2 Rh1 56. Nxf5+ Kf6 57. Nxd6 Rh2+ 58. Kf3 Rh3+ 59. Kg4 Rd3 60. Ne4+ Kf7 61. Kf5 Rxd5+ 62. Kg4 Nc4 63. Nc5 Ne3+ 64. Kf3 Nd1 65. Ne4 Kg6 66. Rg8+ Kf7 67. Rg5 Rxg5 68. fxg5 Kg6 69. Kf4 Kh5 70. Ke5 Kg6 71. Kf4 Kh5 72. Kf5 Ne3+ 73. Kf6 Ng4+ 74. Kf7 Ne5+ 75. Ke6 Nc4 76. Kf6 Ne3 77. Ke6 Nc4 78. Kd5 Na3 79. Kc5 Kg6 80. Nd6 Kxg5 81. Nxb5 Nb1 82. c4 Kf6 83. Nd6 Ke6 84. b5 Kd7 85. Ne4 Na3 86. Kd5 Kc7 87. Nc3 Nc2 88. c5 Ne3+ 89. Ke4 Nc4 90. Kd4 Na5 91. Nd5+ Kb7 92. Kc3 Kb8 93. c6 1-0

[Event "ESP-ch U16 Rapid"]
[Site "Salobrena"]
[Date "2022.07.31"]
[Round "7"]
[White "Camacho Marin, Francisco Javier"]
[Black "Gomez Alonso, Daniel Eduardo"]
[Result "1-0"]
[WhiteElo "1640"]
[BlackElo "1475"]
[PlyCount "77"]
[EventDate "2022.07.30"]
[EventType "swiss (rapid)"]
[EventRounds "9"]
[EventCountry "ESP"]
[SourceTitle "EXT 2023"]
[Source "ChessBase"]
[SourceDate "2022.10.05"]
[SourceVersion "1"]
[SourceVersionDate "2022.10.05"]
[SourceQuality "1"]

1. d4 d5 2. Bf4 c5 3. e3 Nc6 4. Nf3 Nf6 5. Nbd2 Qb6 6. Rb1 cxd4 7. exd4 Nxd4 8. Nxd4 Qxd4 9. Be3 Qa4 10. Nb3 e6 11. Bd3 Be7 12. 0-0 0-0 13. Qe2 Bd7 14. Rfe1 Rac8 15. Bg5 Rfe8 16. h3 e5 17. Qxe5 Bb4 18. Qg3 Rxe1+ 19. Rxe1 Bxe1 20. Bxf6 g6 21. Bd4 Re8 22. Qf3 Qc6 23. Bb5 Qxb5 24. Qf6 Kf8 25. Bc5+ Kg8 26. Bd4 Bxf2+ 27. Kxf2 Qe2+ 28. Kg1 Kf8 29. Qh8+ Ke7 30. Qf6+ Kf8 31. Qd6+ Qe7 32. Qf4 Kg8 33. Bf6 Qe1+ 34. Kh2 Qb4 35. Qxb4 Re6 36. Qh4 b5 37. Nd4 Ra6 38. Be5 Be6 39. Qd8# 1-0

[Event "ESP-ch U16 Rapid"]
[Site "Salobrena"]
[Date "2022.07.31"]
[Round "5"]
[White "Camacho Marin, Francisco Javier"]
[Black "Tabuenca Mendataurigoitia, Daniel"]
[Result "0-1"]
[WhiteElo "1640"]
[BlackElo "1879"]
[PlyCount "146"]
[EventDate "2022.07.30"]
[EventType "swiss (rapid)"]
[EventRounds "9"]
[EventCountry "ESP"]
[SourceTitle "EXT 2023"]
[Source "ChessBase"]
[SourceDate "2022.10.05"]
[SourceVersion "1"]
[SourceVersionDate "2022.10.05"]
[SourceQuality "1"]

1. d4 d6 2. e4 Nf6 3. Nc3 e5 4. dxe5 dxe5 5. Qxd8+ Kxd8 6. Bg5 Be6 7. f4 h6 8. Bxf6+ gxf6 9. f5 Bc8 10. Bc4 Rh7 11. Nd5 Nd7 12. 0-0-0 Bd6 13. Ne2 a6 14. a3 b5 15. Ba2 Bb7 16. Rd2 Rb8 17. Rhd1 Bxd5 18. Bxd5 Ke7 19. Ba2 Rg7 20. Nc3 Nb6 21. g3 Rg4 22. Re1 b4 23. axb4 Bxb4 24. Rd3 Rd8 25. Rxd8 Kxd8 26. Bxf7 Nd7 27. Bh5 Rg5 28. Be2 Bxc3 29. bxc3 Nc5 30. Bd3 c6 31. Kd2 a5 32. Rb1 Kc7 33. Ra1 a4 34. Rb1 h5 35. Rb4 h4 36. Rc4 hxg3 37. hxg3 Kd6 38. Rb4 Rxg3 39. Rb8 Rg2+ 40. Kc1 a3 41. Rd8+ Kc7 42. Ra8 a2 43. Bc4 Rg1+ 44. Kb2 a1Q+ 45. Rxa1 Rxa1 46. Kxa1 Nxe4 47. Kb2 Kd6 48. Bd3 Nc5 49. Kc1 e4 50. Bf1 Ke5 51. Bh3 Kf4 52. Kd2 e3+ 53. Ke2 Ne4 54. Bg2 Nxc3+ 55. Kd3 Nd5 56. c4 Nb4+ 57. Ke2 c5 58. Bh3 Nc2 59. Kd3 Nd4 60. Bf1 Kxf5 61. Kxe3 Ke5 62. Bg2 f5 63. Bf1 f4+ 64. Kf2 f3 65. Bh3 Kf4 66. Bc8 Nc6 67. Bb7 Ne5 68. Bd5 Nd3+ 69. Kf1 Ke3 70. Bc6 f2 71. Bg2 Nf4 72. Bc6 Nh5 73. Kg2 Ng3 0-1

[Event "ESP-ch U16"]
[Site "Salobrena"]
[Date "2022.07.29"]
[Round "7"]
[White "Tornay, Aritz"]
[Black "Camacho Marin, Francisco Javier"]
[Result "1/2-1/2"]
[WhiteElo "1729"]
[BlackElo "1950"]
[PlyCount "127"]
[EventDate "2022.07.25"]
[EventType "swiss"]
[EventRounds "9"]
[EventCountry "ESP"]
[SourceTitle "EXT 2023"]
[Source "ChessBase"]
[SourceDate "2022.10.05"]
[SourceVersion "1"]
[SourceVersionDate "2022.10.05"]
[SourceQuality "1"]

1. c4 e6 2. g3 d5 3. Bg2 Nf6 4. Nf3 Be7 5. 0-0 0-0 6. d4 c6 7. Qc2 b6 8. Nbd2 Bb7 9. e4 Na6 10. e5 Nd7 11. cxd5 Nb4 12. Qb3 Nxd5 13. Ne4 c5 14. dxc5 Nxc5 15. Nxc5 Bxc5 16. Bg5 Be7 17. Bxe7 Qxe7 18. Rac1 Rac8 19. a3 h6 20. Nd4 Rxc1 21. Rxc1 Qg5 22. Re1 Qd2 23. Nf3 Qa5 24. Rc1 Rc8 25. Rxc8+ Bxc8 26. Bf1 Ba6 27. Bxa6 Qxa6 28. Qc2 b5 29. Qd3 Qc6 30. Qb3 a6 31. Nd4 Qc7 32. Nf3 g5 33. h3 Kg7 34. Kf1 Qc1+ 35. Kg2 Qc6 36. Kg1 a5 37. Ne1 Qc1 38. Kf1 b4 39. Qc2 Qa1 40. axb4 Nxb4 41. Qe2 Qb1 42. Kg2 Qf5 43. Nf3 Qd3 44. Qxd3 Nxd3 45. b3 Kg6 46. g4 h5 47. gxh5+ Kxh5 48. Kg3 Kg6 49. h4 gxh4+ 50. Nxh4+ Kg5 51. Nf3+ Kf5 52. Nd4+ Kxe5 53. Nc6+ Kd5 54. Nxa5 Nc1 55. Kg4 f6 56. Kf4 Kc5 57. Nb7+ Kc6 58. Na5+ Kb5 59. Nc4 Nxb3 60. Nd6+ Kc6 61. Ne8 f5 62. Ke5 Kd7 63. Ng7 Nc5 64. Nxe6 1/2-1/2

[Event "ESP-ch U16"]
[Site "Salobrena"]
[Date "2022.07.28"]
[Round "6"]
[White "Camacho Marin, Francisco Javier"]
[Black "Garcia Fernandez, Victor"]
[Result "0-1"]
[WhiteElo "1950"]
[BlackElo "2158"]
[PlyCount "120"]
[EventDate "2022.07.25"]
[EventType "swiss"]
[EventRounds "9"]
[EventCountry "ESP"]
[SourceTitle "EXT 2023"]
[Source "ChessBase"]
[SourceDate "2022.10.05"]
[SourceVersion "1"]
[SourceVersionDate "2022.10.05"]
[SourceQuality "1"]

1. e4 c5 2. Nf3 Nc6 3. d4 cxd4 4. Nxd4 Nf6 5. Nc3 d6 6. f3 e5 7. Nb3 Be7 8. Be3 0-0 9. Qd2 Be6 10. Nd5 a5 11. c4 a4 12. Nc1 b5 13. Nxf6+ Bxf6 14. cxb5 Ne7 15. Bd3 d5 16. 0-0 dxe4 17. Bxe4 Qxd2 18. Bxd2 Rab8 19. a3 Bc4 20. Re1 Bxb5 21. Bc3 Rfd8 22. Na2 g6 23. f4 Bg7 24. fxe5 Bc4 25. Nb4 Bb3 26. Bf3 Bh6 27. Bd1 Bd2 28. Bxb3 Bxe1 29. Bxf7+ Kxf7 30. Rxe1 Ke6 31. g4 Rbc8 32. h3 Rc4 33. Rf1 Ng8 34. Kh2 Rc7 35. Rf4 Rdc8 36. Kg3 Rd7 37. Nc2 Rd3+ 38. Rf3 Rxf3+ 39. Kxf3 Ne7 40. Ke4 Nc6 41. Nd4+ Nxd4 42. Kxd4 Rf8 43. Ke3 Rf1 44. h4 Kd5 45. h5 g5 46. Ke2 Rf4 47. Bd2 Rxg4 48. Kf3 Rg1 49. Be3 Rb1 50. Bxg5 Rxb2 51. Kf4 Rf2+ 52. Kg4 Kxe5 53. Be7 Rg2+ 54. Kf3 Rg7 55. Bb4 Rg5 56. h6 Rh5 57. Bc3+ Kf5 58. Ke3 Rxh6 59. Kd4 Rc6 60. Bb4 h5 0-1

[Event "Benidorm Next Generation U12/U14 15th"]
[Site "Benidorm"]
[Date "2019.12.01"]
[Round "4.3"]
[White "Camacho Marin, Francisco Javier"]
[Black "Iborra Polo, Eric"]
[Result "1/2-1/2"]
[WhiteElo "1736"]
[BlackElo "1694"]
[PlyCount "125"]
[EventDate "2019.11.29"]
[EventType "swiss"]
[EventRounds "6"]
[EventCountry "ESP"]
[SourceTitle "EXT 2024"]
[Source "ChessBase"]
[SourceDate "2023.10.10"]
[SourceVersion "1"]
[SourceVersionDate "2023.10.10"]
[SourceQuality "1"]

1. e4 c5 2. Nc3 Nc6 3. g3 Nf6 4. Bg2 e6 5. d3 h6 6. f4 d5 7. e5 Nd7 8. Nf3 Be7 9. a3 b6 10. 0-0 Bb7 11. h3 0-0 12. Qe1 Ba6 13. g4 Rc8 14. Qg3 Qc7 15. h4 Nd4 16. Rf2 Nxf3+ 17. Bxf3 d4 18. Ne4 c4 19. dxc4 Qxc4 20. g5 Kh7 21. Rg2 Rg8 22. g6+ fxg6 23. Qxg6+ Kh8 24. Be2 Qa4 25. Bxa6 Qxa6 26. Qxe6 Qb7 27. Qxe7 Qxe4 28. Qxd7 Rxc2 29. Rxc2 Qxc2 30. Qxd4 Qg6+ 31. Kf1 Qg4 32. Be3 Qxh4 33. Rd1 Rc8 34. Qd3 Qh2 35. Bf2 Qxf4 36. e6 Rf8 37. Rd2 Re8 38. Qd7 Rxe6 39. Qxe6 Qxd2 40. Qe8+ Kh7 41. Qe4+ Kh8 42. Qa8+ Kh7 43. Qe4+ Kh8 44. b4 Qc1+ 45. Kg2 Qxa3 46. Bd4 Qa2+ 47. Kg3 Qb3+ 48. Kh4 Qf7 49. Qe3 Kh7 50. Qe4+ Kg8 51. Qe5 Kh7 52. Qe4+ Kg8 53. Qe5 Kh7 54. Kg4 Qg6+ 55. Kf4 Qf7+ 56. Qf5+ Kg8 57. Qxf7+ Kxf7 58. b5 Ke6 59. Bxg7 Kd5 60. Bxh6 Kc4 61. Ke3 Kxb5 62. Kd3 Ka4 63. Be3 1/2-1/2

[Event "Rutas de Cuenca op 6th"]
[Site "Cuenca"]
[Date "2019.07.21"]
[Round "7"]
[White "Carbonell Bofill, Carlos Eloy"]
[Black "Camacho Marin, Francisco Javier"]
[Result "1/2-1/2"]
[WhiteElo "2115"]
[BlackElo "1646"]
[PlyCount "42"]
[EventDate "2019.07.19"]
[EventType "swiss"]
[EventRounds "7"]
[EventCountry "ESP"]
[SourceTitle "CBM 195 Extra"]
[Source "ChessBase"]
[SourceDate "2020.05.31"]
[SourceVersion "1"]
[SourceVersionDate "2020.05.31"]
[SourceQuality "1"]

1. e4 d6 2. f4 g6 3. d4 Bg7 4. Nf3 Bg4 5. Be3 Nc6 6. c3 e5 7. fxe5 dxe5 8. d5 Nce7 9. Qb3 Nh6 10. Bxh6 Bxh6 11. Nxe5 Qc8 12. d6 Be6 13. Qa4+ Nc6 14. Nxc6 bxc6 15. Ba6 Qb8 16. Qxc6+ Bd7 17. dxc7 Qxb2 18. Qxa8+ Ke7 19. Qxh8 Qc1+ 20. Ke2 Qe3+ 21. Kd1 Qc1+ 1/2-1/2